Approaches to the concept of business intelligence systems in Slovak enterprises

Salvato in:
Dettagli Bibliografici
Autore principale: Hamranová, Anna, 1957-
Altri autori: Romanová, Anita, 1973-
Natura: Capitolo di libro
Lingua:inglese
Soggetti:
Tags: Aggiungi Tag
Nessun Tag, puoi essere il primo ad aggiungerne!!

MARC

LEADER 00000naa a2200000 4500
001 0180839
005 20240502073107.3
041 0 |a eng 
044 |a SK 
245 1 0 |a Approaches to the concept of business intelligence systems in Slovak enterprises  |c Anna Hamranová, Anita Romanová 
610 2 0 |a podnik 
610 2 0 |a business intelligence 
610 2 0 |a manažment 
610 2 0 |a systémy informačné podnikové 
610 2 0 |a Slovensko 
100 1 |a Hamranová, Anna, 1957- 
700 1 |a Romanová, Anita, 1973-